LEADER 01034nam0-2200313---450- 001 990009732650403321 005 20130521122536.0 035 $a000973265 035 $aFED01000973265 035 $a(Aleph)000973265FED01 035 $a000973265 100 $a20130521d1966----km-y0itay50------ba 101 0 $aeng 102 $aCA 105 $aa-------001yy 200 1 $aWater resources of Canada$esymposia presented to the Royal Society of Canada in 1966$d= Ressources hydrauliques du Canada$ecolloques présentés à la Société Royale du Canada en 1966$fedited by Claude E. Dolman 210 $aToronto$cUniversity of Toronto press$d1967 215 $aXVIII, 251 p.$cill.$d24 cm 225 1 $aStudia varia$v11 510 1 $aRessources hydrauliques du Canada 610 0 $aIdrogeologia 702 1$aDolman,$bClaude E. 801 0$aIT$bUNINA$gRICA$2UNIMARC 901 $aBK 912 $a990009732650403321 952 $aMA4/36$b12302$fDINGE 959 $aDINGE 996 $aWater resources of Canada$9842793 997 $aUNINA LEADER 01209nam 2200337Ia 450 001 996396821903316 005 20221108085351.0 035 $a(CKB)4330000000346306 035 $a(EEBO)2240891682 035 $a(OCoLC)49223452 035 $a(EXLCZ)994330000000346306 100 $a20020301d1655 uy 0 101 0 $aeng 135 $aurbn||||a|bb| 200 12$aA right intention the rule of all mens actions$b[electronic resource] $eConverted out of Drexelius to our proper use. / By John Dawson .. 210 $aLondon, $cPrinted for Jasper Emery$d1655 215 $a[25], 626, [2] p 300 $aImperfect: pages torn with some loss of print. 300 $aReproduction of original in: Sion College. Library. 330 $aeebo-0146 606 $aChristian ethics$xReligious aspects$vEarly works to 1800 606 $aIntention$xReligious aspects$vEarly works to 1800 615 0$aChristian ethics$xReligious aspects 615 0$aIntention$xReligious aspects 700 $aDrexel$b Jeremias$f1581-1638.$0718089 801 0$bEAE 801 1$bEAE 906 $aBOOK 912 $a996396821903316 996 $aA right intention the rule of all mens actions$92353473 997 $aUNISA LEADER 03573nam 22005535 450 001 9910736017503321 005 20230728135313.0 010 $a3-662-67032-1 024 7 $a10.1007/978-3-662-67032-3 035 $a(MiAaPQ)EBC30668888 035 $a(Au-PeEL)EBL30668888 035 $a(DE-He213)978-3-662-67032-3 035 $a(PPN)272255904 035 $a(CKB)27878835900041 035 $a(EXLCZ)9927878835900041 100 $a20230728d2023 u| 0 101 0 $aeng 135 $aurcnu|||||||| 181 $ctxt$2rdacontent 182 $cc$2rdamedia 183 $acr$2rdacarrier 200 10$aQuality Management for Services $eHandbook for Successful Quality Management. Principles ? Concepts ? Methods /$fby Manfred Bruhn 205 $a1st ed. 2023. 210 1$aBerlin, Heidelberg :$cSpringer Berlin Heidelberg :$cImprint: Springer,$d2023. 215 $a1 online resource (645 pages) 311 08$aPrint version: Bruhn, Manfred Quality Management for Services Berlin, Heidelberg : Springer Berlin / Heidelberg,c2023 9783662670316 327 $aBasics of quality management for services -- Analysis of service quality -- Planning and control of quality management for services -- Implementation of quality management for services -- Quality controlling for services. 330 $aThis book provides assistance for ensuring and increasing service quality. Manfred Bruhn presents a holistic, scientifically based approach to quality management for services, which is consistently oriented to the management process with the phases of analysis, planning, control, implementation and controlling of quality management. Core parts of the book are procedures for measuring service quality, instruments for controlling quality and expectation management, the implementation of quality management based on ISO 9000 ff. standards as well as the EFQM model, and comprehensive quality controlling to ensure effectiveness and efficiency. In the previous editions to date, the work has evolved into a handbook and can be used as a reference work for the various topics of quality management for services. Individual topics of quality management or the respective chapters can be worked through independently of each other. The contents Principles of quality management for services Analysis of service quality Planning and control of quality management for services Implementation of quality management for services Quality controlling for services The author Prof. Dr. Dr. h.c. mult. Manfred Bruhn is Professor of Business Administration, in particular Marketing and Corporate Management, at the Faculty of Business and Economics of the University of Basel (Switzerland) and Honorary Professor at the Technical University of Munich (Germany). The translation was done with the help of artificial intelligence. A subsequent human revision was done primarily in terms of content. 606 $aService industries 606 $aIndustries 606 $aCustomer relations?Management 606 $aServices 606 $aIndustries 606 $aCustomer Relationship Management 615 0$aService industries. 615 0$aIndustries. 615 0$aCustomer relations?Management. 615 14$aServices. 615 24$aIndustries. 615 24$aCustomer Relationship Management. 676 $a658.562 700 $aBruhn$b Manfred$01224932 801 0$bMiAaPQ 801 1$bMiAaPQ 801 2$bMiAaPQ 906 $aBOOK 912 $a9910736017503321 996 $aQuality Management for Services$93421486 997 $aUNINA